|
|
|
|
| LEADER |
00000nam a2200000 a 4500 |
| 001 |
vtls001464774 |
| 003 |
SK-MaSNL |
| 005 |
20260301014304.0 |
| 008 |
240314s2003 xo f 0 slo |
| 015 |
|
|
|a SNBK2004/04-01854
|
| 020 |
|
|
|a 8080475199
|
| 035 |
|
|
|a SNK000420079
|
| 040 |
|
|
|a SNK
|b slo
|c SNK
|e AACR2
|
| 041 |
0 |
|
|a slo
|
| 044 |
|
|
|a xo
|c SK
|
| 072 |
|
7 |
|a 821.111-3
|x Anglická próza, anglicky písaná
|2 konspekt
|
| 080 |
|
|
|a 821.111-3(02.056.262)
|2 2. slo
|
| 080 |
|
|
|a 821.111-3
|2 1981
|
| 080 |
|
|
|a (0:82-312.9)
|2 1981
|
| 080 |
|
|
|a (003.24)
|2 1981
|
| 100 |
1 |
|
|a Ridpath, Michael,
|d 1961-
|4 aut
|9 122672
|
| 245 |
1 |
0 |
|a Predátor
|c Michael Ridpath
|n 1. - 5. zv.
|h Braillovo písmo
|
| 250 |
|
|
|a [1. vyd.]
|
| 260 |
|
|
|a Levoča
|b Slovenská knižnica pre nevidiacich Mateja Hrebendu
|c 2003
|
| 300 |
|
|
|a 5 zv. v Braillovom písme
|c 27 x 29 cm
|
| 500 |
|
|
|a 5 výt.
|
| 650 |
0 |
7 |
|a romány spoločenské anglické
|x tlače slepecké
|2 SNK
|9 301847
|
| 655 |
|
7 |
|a anglické romány
|2 SNK
|9 70428
|
| 655 |
|
7 |
|a trilery (filmy)
|2 SNK
|9 70588
|
| 655 |
|
7 |
|a publikácie pre nevidiacich
|2 SNK
|9 70695
|
| 919 |
|
|
|a 80-8047-519-9
|
| 958 |
|
|
|a KST
|
| 958 |
|
|
|a SX
|
| 958 |
|
|
|a LX
|
| 958 |
|
|
|a UP
|
| 958 |
|
|
|a NS
|
| 958 |
|
|
|a GB
|
| 968 |
|
|
|b ENG
|d 821
|
| 999 |
|
|
|c 558299
|d 560229
|
| 952 |
|
|
|t P60, <03>, [BOOK], {603}
|a SNK
|b SNK
|y PREZ
|7 0
|p 17A0408015
|o snkOSB 13878/2
|i snkKSP 15970/2003
|0 0
|1 0
|4 0
|d 2003-12-18
|l 0
|r 2005-01-02 00:00:00
|w 2026-02-23
|
| 952 |
|
|
|t P60, <03>, [BOOK], {603}
|a SNK
|b SNK
|y PREZ
|7 0
|p 17A0408014
|o snkOSB 13878/1
|i snkKSP 15969/2003
|0 0
|1 0
|4 0
|d 2003-12-18
|l 0
|r 2005-01-02 00:00:00
|w 2026-02-23
|
| 952 |
|
|
|t P60, <03>, [BOOK], {603}
|a SNK
|b SNK
|y PREZ
|7 0
|p 17A0408016
|o snkOSB 13878/3
|i snkKSP 15971/2003
|0 0
|1 0
|4 0
|d 2003-12-18
|l 0
|r 2005-01-02 00:00:00
|w 2026-02-23
|
| 952 |
|
|
|t P60, <03>, [BOOK], {603}
|a SNK
|b SNK
|y PREZ
|7 0
|p 17A0408018
|o snkOSB 13878/5
|i snkKSP 15973/2003
|0 0
|1 0
|4 0
|d 2003-12-18
|l 0
|r 2005-01-02 00:00:00
|w 2026-02-23
|
| 952 |
|
|
|t P60, <03>, [BOOK], {603}
|a SNK
|b SNK
|y PREZ
|7 0
|p 17A0408017
|o snkOSB 13878/4
|i snkKSP 15972/2003
|0 0
|1 0
|4 0
|d 2003-12-18
|l 0
|r 2005-01-02 00:00:00
|w 2026-02-23
|